000 00382nam a2200157 i 4500
001 bg
100 1 _aMIERZECKI, Roman
245 1 0 _aOddziaływania międzymolekularne /
_cRoman Mierzecki.
260 _aWarszawa :
_bPWN,
_c1974.
650 9 _aFizyka molekularna
040 _cBPK
041 0 _apol
080 _a539.1
942 _cKS
008 s pl f |000 0 pol
999 _c35558
_d35558
856 _uhttp://koha.tu.koszalin.pl/cgi-bin/koha/opac-detail.pl?biblionumber=35558
_yKatalog online BPK